<?xml version="1.0" encoding="UTF-8"?><?xml-stylesheet type="text/xsl" href="static/style.xsl"?><OAI-PMH xmlns="http://www.openarchives.org/OAI/2.0/" xmlns:xsi="http://www.w3.org/2001/XMLSchema-instance" xsi:schemaLocation="http://www.openarchives.org/OAI/2.0/ http://www.openarchives.org/OAI/2.0/OAI-PMH.xsd"><responseDate>2026-06-05T12:35:06Z</responseDate><request verb="GetRecord" identifier="oai:riuma.uma.es:10630/12801" metadataPrefix="marc">https://riuma.uma.es/rest/oai/request</request><GetRecord><record><header><identifier>oai:riuma.uma.es:10630/12801</identifier><datestamp>2026-02-03T10:24:44Z</datestamp><setSpec>com_10630_1685</setSpec><setSpec>col_10630_38055</setSpec></header><metadata><record xmlns="http://www.loc.gov/MARC21/slim" xmlns:dcterms="http://purl.org/dc/terms/" xmlns:doc="http://www.lyncode.com/xoai" xmlns:xsi="http://www.w3.org/2001/XMLSchema-instance" xsi:schemaLocation="http://www.loc.gov/MARC21/slim http://www.loc.gov/standards/marcxml/schema/MARC21slim.xsd">
   <leader>00925njm 22002777a 4500</leader>
   <datafield ind2=" " ind1=" " tag="042">
      <subfield code="a">dc</subfield>
   </datafield>
   <datafield ind2=" " ind1=" " tag="720">
      <subfield code="a">Moreno Jabato, Fernando</subfield>
      <subfield code="e">author</subfield>
   </datafield>
   <datafield ind2=" " ind1=" " tag="260">
      <subfield code="c">2017-01-26</subfield>
   </datafield>
   <datafield ind2=" " ind1=" " tag="520">
      <subfield code="a">This document contais the final dissertation ot the degree student Fernando Moreno Jabato for the studies Grade in Health Engeneering, speciality on Bioinformatics, of University of Málaga. This dissertation have been performed with the supervision&#xd;
of Dr. José Manuel Jerez Aragonés from the Departament of Lenguajes y Ciencias de la Comunicación.&#xd;
The project title is Deep Neural Networks to find genetics signatures and&#xd;
is focused on the development of a bioinformatic tool oriented to identification of relationships between an attribute set and concret factor of interest on medicine. To do this, a tool was designed with the capacity of handle data sets from microarrays of diferent types. Microarrays was selected as preferent technology because it's the most extended and accessible techonologie on health and biology fields nowadays.&#xd;
Once implemented the tool, an experiment was performed to evaluate the effciency of this tool. The experiment uses prostate cancer related datasets from trascriptomics microarrays containing patients of prostate cancer and some normal individues.&#xd;
The results obtained in the experiment shows an improvement offered by the new Deep Learning algoritms (specifically, Deep Neural Networks) to analyze and obtain knowledgement from microarrays data. Besides, has been observed an improvement of efficiency and the beat of computational barriers that traditional Artifical Neural Networks suffered allowing apply this bioinformatics tools of new generation to&#xd;
masiva data sets.</subfield>
   </datafield>
   <datafield ind1="8" ind2=" " tag="024">
      <subfield code="a">http://hdl.handle.net/10630/12801</subfield>
   </datafield>
   <datafield tag="653" ind2=" " ind1=" ">
      <subfield code="a">Bioinformática</subfield>
   </datafield>
   <datafield tag="653" ind2=" " ind1=" ">
      <subfield code="a">Redes neuronales</subfield>
   </datafield>
   <datafield tag="653" ind2=" " ind1=" ">
      <subfield code="a">Datos masivos</subfield>
   </datafield>
   <datafield tag="653" ind2=" " ind1=" ">
      <subfield code="a">Informática - Trabajos Fin de Grado</subfield>
   </datafield>
   <datafield tag="653" ind2=" " ind1=" ">
      <subfield code="a">Grado en Ingeniería de la Salud - Trabajos Fin de Grado</subfield>
   </datafield>
   <datafield ind2="0" ind1="0" tag="245">
      <subfield code="a">Deep Neural Networks to find genetics signatures</subfield>
   </datafield>
</record>
</metadata></record></GetRecord></OAI-PMH>